| 000 | 00523nam a22001457a 4500 | ||
|---|---|---|---|
| 008 | 150115b xxu||||| |||| 00| 0 eng d | ||
| 050 | _aSPC HN37.C3 J4 M994 | ||
| 100 |
_aMwale, Simson _914091 |
||
| 245 |
_aZambia's Economic, Social and Cultural Rights _bwhy should they be in the new constitution _cSimson Mwale |
||
| 260 |
_aZambia _bJesuit Centre for Theological Reflection _c2004 |
||
| 300 |
_a25p. _c30cm. |
||
| 650 |
_aHuman rights _zZambia _914068 |
||
| 650 |
_aSocial legislation _zZambia _914069 |
||
| 942 |
_2lcc _cSPC |
||
| 999 |
_c121718 _d121718 |
||